Nuestra Señora de la Cuneta : (Record no. 179154)
[ view plain ]
| 000 -LEADER | |
|---|---|
| campo de control de longitud fija | 01344nam a2200313 i 4500 |
| 001 - NÚMERO DE CONTROL | |
| campo de control | 179154 |
| 003 - IDENTIFICADOR DE NÚMERO DE CONTROL | |
| campo de control | ES-MaACL |
| 005 - FECHA Y HORA DE LA ÚLTIMA TRANSACCIÓN | |
| campo de control | 20260309102517.0 |
| 008 - DATOS DE LONGITUD FIJA--INFORMACIÓN GENERAL | |
| campo de control de longitud fija | 110920s2009 sp acfo |||| |cspa d |
| 017 ## - NÚMERO DE COPYRIGHT O DE DEPÓSITO LEGAL | |
| Número de copyright o de depósito legal | VG 1253-2009 |
| Agencia que asigna | Oficina Depósito Legal Vigo |
| 020 ## - NÚMERO INTERNACIONAL ESTÁNDAR DEL LIBRO | |
| Número Internacional Estándar del Libro | 9788495364944 |
| 040 ## - FUENTE DE CATALOGACIÓN | |
| Centro/agencia transcriptor | ES-MaACL |
| 080 ## - NÚMERO DE LA CLASIFICACIÓN DECIMAL UNIVERSAL | |
| Número de la Clasificación Decimal Universal | 929 Capdevielle San Martín, Juana |
| 080 ## - NÚMERO DE LA CLASIFICACIÓN DECIMAL UNIVERSAL | |
| Número de la Clasificación Decimal Universal | 929 Pérez Carballo, Francisco |
| 080 ## - NÚMERO DE LA CLASIFICACIÓN DECIMAL UNIVERSAL | |
| Número de la Clasificación Decimal Universal | 323.28(460.111)"1936/39" |
| 100 1# - ENTRADA PRINCIPAL--NOMBRE DE PERSONA | |
| Nombre de persona | Torres, Rafael, |
| 9 (RLIN) | 176043 |
| Término indicativo de función/relación | Autor |
| Fechas asociadas al nombre | 1955- |
| 245 10 - MENCIÓN DEL TÍTULO | |
| Título | Nuestra Señora de la Cuneta : |
| Resto del título | vida y muerte de la intelectual republicana Juana Capdevielle y de su amor, Francisco Pérez Carballo, gobernador civil de La Coruña / |
| Mención de responsabilidad, etc. | Rafael Torres. |
| 260 ## - PUBLICACIÓN, DISTRIBUCIÓN, ETC. | |
| Lugar de publicación, distribución, etc. | Vigo (Pontevedra) : |
| Nombre del editor, distribuidor, etc. | Nigra Trea, |
| Fecha de publicación, distribución, etc. | [2009]. |
| 300 ## - DESCRIPCIÓN FÍSICA | |
| Extensión | 122 páginas, XVI, XVI páginas de láminas : |
| Otras características físicas | ilustraciones ; |
| Dimensiones | 21 cm. |
| 490 1# - MENCIÓN DE SERIE | |
| Mención de serie | Porta de papel |
| 600 17 - PUNTO DE ACCESO ADICIONAL DE MATERIA--NOMBRE DE PERSONA | |
| Nombre de persona | Capdevielle San Martín, Juana, |
| Fechas asociadas al nombre | 1902-1936 |
| Fuente del encabezamiento o término | embne |
| 9 (RLIN) | 147972 |
| 600 #0 - PUNTO DE ACCESO ADICIONAL DE MATERIA--NOMBRE DE PERSONA | |
| Nombre de persona | Pérez Carballo, Francisco, |
| Fechas asociadas al nombre | 1911-1936 |
| 9 (RLIN) | 237174 |
| 650 #7 - PUNTO DE ACCESO ADICIONAL DE MATERIA--TÉRMINO DE MATERIA | |
| Término de materia o nombre geográfico como elemento de entrada | Represión política- |
| Subdivisión geográfica | Galicia- |
| Subdivisión cronológica | 1936-1939. |
| 9 (RLIN) | 151464 |
| 830 0# - PUNTO DE ACCESO ADICIONAL DE SERIE-TÍTULO UNIFORME | |
| Título uniforme | Porta de papel |
| 9 (RLIN) | 224413 |
| 852 ## - LOCALIZACIÓN | |
| Ubicación | ES-MaACL |
| Ubicación en estantería | Depósito J |
| Número de control de estantería | N-10284 |
| itemnumber | 204544 |
| Encuadernación | Encuadernación rústica con solapas |
| 942 ## - ELEMENTOS DE ENTRADA SECUNDARIOS (KOHA) | |
| Tipo de ítem Koha | Libro impreso |
| Suprimir en OPAC | No |
| Estatus retirado | Estado de pérdida | Fuente del sistema de clasificación o colocación | Estado de daño | No para préstamo | Biblioteca de origen | Biblioteca actual | Ubicación en estantería | Fecha de adquisición | Fuente de adquisición | Total de préstamos | Signatura topográfica completa | Código de barras | Visto por última vez | Precio de reemplazo | Tipo de ítem Koha |
|---|---|---|---|---|---|---|---|---|---|---|---|---|---|---|---|
| Clasificación decimal universal | Biblioteca del Ateneo de Madrid | Biblioteca del Ateneo de Madrid | Depósito J | 14/01/2025 | Donación | N-10284 | 101229359 | 15/01/2025 | 15/01/2025 | Libro impreso |
